000
00216 a2200097 4500
001
23035
100
_a
Macintyre, S
245
_a
German-English maths. Vocabulary
260
_a
_b
Oliver
_c
1966
090
_c
15577
_d
15577
942
_a
NUST-CAE
_c
M
_c
6199
999
_c
258108
_d
258108